000
00323nam a22001457a 4500
003
SGT
020
_a
9789332543560
082
_a
658.5,KUM
100
_a
KUMAR,PRAVIN
245
_a
INDUSTRIAL ENGINEERING AND MANAGEMENT
260
_a
CHENNAI
_b
PEARSON
_c
2018
300
_a
656
650
_a
MANAGEMENT
942
_2
ddc
_c
BK
999
_c
18384
_d
18384